Verejné obstarávanie

Zákon č. 263/1999 Z.z. o verejnom obstarávaní ako jeden z hlavných legislatívnych pilierov pri nakladaní s verejnými finančnými prostriedkami. Zákon č. 557/2001 Z.z. novelizoval zákon o verejnom obstarávaní. Pojmy uchádzač a záujemca. Formy komunikácie medzi obstarávateľom a uchádzačom. Zábezpeka. S...

Ausführliche Beschreibung

Gespeichert in:
Bibliographische Detailangaben
1. Verfasser: Lörincz, Drahoslav
Format: Buchkapitel
Sprache:Slowakisch
Schlagworte:
Tags: Tag hinzufügen
Keine Tags, Fügen Sie das erste Tag hinzu!

MARC

LEADER 00000naa a2200000 4500
001 r045494
005 20230919093542.3
041 0 |a slo 
044 |a SK 
245 1 0 |a Verejné obstarávanie  |c Drahoslav Lörincz 
520 |a Zákon č. 263/1999 Z.z. o verejnom obstarávaní ako jeden z hlavných legislatívnych pilierov pri nakladaní s verejnými finančnými prostriedkami. Zákon č. 557/2001 Z.z. novelizoval zákon o verejnom obstarávaní. Pojmy uchádzač a záujemca. Formy komunikácie medzi obstarávateľom a uchádzačom. Zábezpeka. Súťažné podklady. Ponuka. Podmienky účasti vo verejnom obstarávaní. Predkladanie dokladov, potvrdení a ich platnosť. Súťažné podklady na vypracovanie ponúk. Otvárania obálok s ponukami a vyhodnocovanie ponúk. 
610 2 0 |a obstarávanie verejné 
610 2 0 |a úpravy právne 
610 2 0 |a pojmy 
610 2 0 |a metodika 
610 2 0 |a ponuka 
610 2 0 |a podnikatelia 
100 1 |a Lörincz, Drahoslav